Le titre est dans les paroles - Pomme - Statistiques

Statistiques générales
  • Ce quiz a été pris 92 fois
    50 depuis la dernière actualisation
  • Le résultat moyen est 12 sur 20
Statistiques - réponses
Réponse % Correct
{On} {brûlera} toutes les deuxEn enfer, mon ange
95%
Et {je} {sais} {pas} {danser}Je sais pas m'oublier
82%
Je veux retourner dans l'allée Entendre {les} {séquoias} pleurer
79%
{Ceux} {qui} {rêvent} ont bien de la chance Et les autres ont des insomnies
77%
{Grandiose}, la vie que j'avais inventé pour toi
77%
Dans le {jardin} de mon enfanceEntre les arbres et la violence
69%
Retrouve-moi à {la} {rivière}J'ai ramassé les plus belles pierres
69%
C'est un endroit rêvé pour {les} {oiseaux}Ils viennent s'y reposer quand leur coeur est gros
62%
Si je m'en sors {à} {peu} {près}Ne t'en fais pas qu'un jour ou l'autre je te retrouverais
62%
Si je n'ai pas retrouvé dans tes yeux {la} {lumière}
62%
Une sorcière, je suis devenue folleUne vipère, j'ai croqué la pomme {Sans} {toi}
62%
Au moins mille, au moins {un} {million}Une piscine, un lac, une saison de larmes
54%
Tout autour devient {bleu}Quand je plonge
51%
{Adieu} {mon} {homme}Où tu vas, je n'irai pas
46%
Un pied dans le {vide}Dans le noir elle attend
46%
Il y a tant de chansons qu'on n'a pas chantées{Septembre} reviendra
44%
{J'suis} {pas} {dupe}Et même les fleurs de ma jupe
38%
Tard le soirC'est vos voix que j'entendais {dans} {mes} {rêves}
36%
Si je savais comment sauver les géantsDe nos mains qui les tuent {à} {perte} {de} {vue}
33%
Dans le miroir, je ne trouve pas{De} {quoi} {te} {plaire}
26%
Aucun quiz correspondant
Distribution des résultats
% des personnes avec chaque résultat
Percentile par nombre de réponses
Votre historique - résultats
Vous n’avez pas pris ce quiz depuis la dernière actualisation